| 000 | 00531nam a2200193 a 4500 | ||
|---|---|---|---|
| 005 | 20230815063523.0 | ||
| 008 | 991125s2000 ea 000 0 eng u | ||
| 020 | _a0415195594 | ||
| 035 | _aUPN01000012319 | ||
| 049 | _aCG | ||
| 050 | 4 |
_aPE1408 _bG6.2 |
|
| 100 | 1 | _aGoatly, Andrew | |
| 245 | 1 | 0 |
_aCritical reading and writing : _ban introductory coursebook / _cAndrew Goatly. |
| 260 |
_aLondon : _bRoutledge, _c2000. |
||
| 300 | _a348 p. | ||
| 650 | 4 |
_aINGLES - _xESTILO |
|
| 650 | 4 |
_aInglés _vRetórica _923831 |
|
| 905 | _aLibro | ||
| 999 |
_c12319 _d12319 |
||